Аппаратура и методы рентгеновского анализа: Сборник статей; Аппаратура и методы рентгеновского анализа

Bibliographische Detailangaben
Parent link:Аппаратура и методы рентгеновского анализа: сборник статей/ Ленинградское научно-производственное объединение "Буревестник" ; гл. ред. Н. И. Комяк. Вып. 27.— , 1967-1989
Sprache:Russisch
Veröffentlicht: Ленинград, Машиностроение, 1982
Schlagworte:
Format: Buch
KOHA link:https://koha.lib.tpu.ru/cgi-bin/koha/opac-detail.pl?biblionumber=312665

MARC

LEADER 00000nam2a2200000 4500
001 312665
005 20231102002516.0
020 |a RU  |b 82-23298ж 
035 |a (RuTPU)RU\TPU\book\338035 
090 |a 312665 
100 |a 20151225c1982 km y0rusy5003 ca 
101 0 |a rus 
102 |a RU 
105 |a a z 001zy 
200 1 |a Аппаратура и методы рентгеновского анализа  |e Сборник статей  |f Ленингр. науч.-произв. об-ние "Буревестник"  |g [Редкол.: Н. И. Комяк (гл. ред.) и др.] 
210 |a Ленинград  |c Машиностроение  |c Ленинградское отд-ние  |d 1982 
215 |d 22 см.  |e (ил.) 
306 |a Изд. выходит с 1967 г. 
461 1 |0 (RuTPU)RU\TPU\book\132447  |t Аппаратура и методы рентгеновского анализа  |o сборник статей  |f Ленинградское научно-производственное объединение "Буревестник" ; гл. ред. Н. И. Комяк  |v Вып. 27  |d 1967-1989 
606 1 |a Рентгенотехника  |2 stltpush  |3 (RuTPU)RU\TPU\subj\53512  |9 71717 
610 1 |a рентгеноструктурный анализ 
610 1 |a рентгеноспектральный анализ 
610 1 |a методы 
610 1 |a аппаратура 
610 1 |a использование 
610 1 |a микроанализ 
610 1 |a микроанализ 
610 1 |a микроанализаторы 
610 1 |a флуорисцентная микроскопия 
610 1 |a монохроматоры 
610 1 |a рентгеновские детекторы 
610 1 |a рентгенооптические системы 
610 1 |a отражатели 
610 1 |a индицирование 
610 1 |a рентгеновское излучение 
675 |a 621.386  |z rus  |v 3 
801 0 |a RU  |b RuMRKP  |c 19950704  |g psbo 
801 1 |a RU  |b 63413507  |c 20151225 
801 2 |a RU  |b 63413507  |c 20191121  |g RCR 
942 |c BK